[Event "Mediterranean-ch 11th"]
[Site "Petrovac"]
[Date "2021.06.26"]
[Round "9"]
[White "Ameir, Moheb"]
[Black "Boyer, Mahel"]
[Result "1/2-1/2"]
[WhiteElo "2352"]
[BlackElo "2412"]
[PlyCount "118"]
[EventDate "2021.06.19"]
[EventType "swiss"]
[EventRounds "9"]
[EventCountry "MNE"]
[SourceTitle "CBM 203 Extra"]
[Source "ChessBase"]
[SourceDate "2021.09.30"]
[SourceVersion "1"]
[SourceVersionDate "2021.09.30"]
[SourceQuality "1"]

1. e4 e6 2. d4 d5 3. Nd2 c5 4. exd5 exd5 5. Ngf3 a6 6. dxc5 Bxc5 7. Nb3 Bd6 8. Bg5 Ne7 9. Bd3 Nbc6 10. 0-0 Qc7 11. c3 0-0 12. Bh4 Bg4 13. Bg3 f5 14. Bxd6 Qxd6 15. Nbd4 Nxd4 16. cxd4 Nc6 17. Be2 Rae8 18. Rc1 Re4 19. Qd2 Rfe8 20. Bd1 Qf6 21. Rc5 Nxd4 22. Ng5 R4e7 23. f3 Bh5 24. Rxd5 Ne2+ 25. Kh1 h6 26. Ne4 fxe4 27. Rxh5 exf3 28. Qd5+ Kh8 29. Rf5 Nf4 30. Rxf6 Nxd5 31. R6xf3 g5 32. Bb3 Ne3 33. Rc1 Ng4 34. Rff1 Kg7 35. h3 Nf6 36. Kh2 Rd7 37. Rf2 g4 38. Kh1 Ne4 39. Rfc2 g3 40. Kg1 Rde7 41. Bc4 Nd6 42. Rf1 Re1 43. Bd3 Rxf1+ 44. Kxf1 Re3 45. Rd2 b5 46. Be2 Nf5 47. Rd3 Rxd3 48. Bxd3 Kf6 49. a4 bxa4 50. Bxa6 Ke5 51. Bb5 Kd4 52. Ke2 Ne3 53. Bxa4 h5 54. h4 Nxg2 55. Kf3 Nxh4+ 56. Kxg3 Nf5+ 57. Kf4 Ne3 58. Kf3 Nc4 59. b3 Nd2+ 1/2-1/2

[Event "Mediterranean-ch 11th"]
[Site "Petrovac"]
[Date "2021.06.22"]
[Round "5"]
[White "Draskovic, Luka"]
[Black "Ameir, Moheb"]
[Result "1-0"]
[WhiteElo "2469"]
[BlackElo "2352"]
[PlyCount "61"]
[EventDate "2021.06.19"]
[EventType "swiss"]
[EventRounds "9"]
[EventCountry "MNE"]
[SourceTitle "CBM 203 Extra"]
[Source "ChessBase"]
[SourceDate "2021.09.30"]
[SourceVersion "1"]
[SourceVersionDate "2021.09.30"]
[SourceQuality "1"]

1. c4 c5 2. Nc3 Nc6 3. g3 g6 4. Bg2 Bg7 5. b3 e6 6. Ba3 d6 7. e3 Nge7 8. Nge2 e5 9. 0-0 0-0 10. Bb2 a6 11. d3 Rb8 12. Qd2 b5 13. Rac1 Bg4 14. h3 Be6 15. Kh2 f5 16. Nd5 Bf7 17. Nxe7+ Nxe7 18. f4 b4 19. d4 exd4 20. exd4 d5 21. Rfd1 dxc4 22. bxc4 cxd4 23. Bxd4 Bxd4 24. Nxd4 Qc7 25. Qb2 Qc5 26. Bd5 Qb6 27. Ne6 Bxe6 28. c5 Nxd5 29. cxb6 Rxb6 30. Qe5 Rd8 31. Rc7 1-0

[Event "Arab Cities"]
[Site "Hammamet"]
[Date "2020.03.04"]
[Round "2.2"]
[White "Ameir, Moheb"]
[Black "Ben Brahem, Aymen"]
[Result "1-0"]
[WhiteElo "2319"]
[BlackElo "2138"]
[PlyCount "73"]
[EventDate "2020.03.03"]
[EventType "team"]
[EventRounds "5"]
[EventCountry "TUN"]
[SourceTitle "CBM 195 Extra"]
[Source "ChessBase"]
[SourceDate "2020.05.31"]
[SourceVersion "1"]
[SourceVersionDate "2020.05.31"]
[SourceQuality "1"]
[WhiteTeam "Cairo"]
[BlackTeam "Soliman"]
[WhiteTeamCountry "EGY"]
[BlackTeamCountry "TUN"]

1. e4 c5 2. Nf3 d6 3. d4 cxd4 4. Nxd4 Nf6 5. Nc3 g6 6. Be3 Bg7 7. f3 0-0 8. Qd2 Nc6 9. 0-0-0 d5 10. exd5 Nxd5 11. Nxc6 bxc6 12. Bd4 Nxc3 13. Qxc3 Bh6+ 14. Be3 Bxe3+ 15. Qxe3 Qc7 16. Bc4 Rb8 17. h4 Rb4 18. b3 Qa5 19. Qc3 Ra4 20. Qxa5 Rxa5 21. Rhe1 Re8 22. Kb2 Kg7 23. g4 Ba6 24. b4 Rb8 25. Bb3 Rxb4 26. Rxe7 Bc4 27. Kc3 Bxb3 28. Kxb4 Rb5+ 29. Ka3 Bd5 30. Rxa7 Bxf3 31. Rd4 Rb1 32. c4 h5 33. Rf4 hxg4 34. Rfxf7+ Kg8 35. Rg7+ Kh8 36. Rxg6 Rh1 37. Re6 1-0

[Event "Moscow Aeroflot op-B"]
[Site "Moscow"]
[Date "2020.02.20"]
[Round "2"]
[White "Ameir, Moheb"]
[Black "Lintchevski, Daniil"]
[Result "0-1"]
[WhiteElo "2326"]
[BlackElo "2536"]
[PlyCount "97"]
[EventDate "2020.02.19"]
[EventType "swiss"]
[EventRounds "9"]
[EventCountry "RUS"]
[SourceTitle "CBM 195"]
[Source "ChessBase"]
[SourceDate "2020.04.30"]
[SourceVersion "1"]
[SourceVersionDate "2020.04.30"]
[SourceQuality "1"]

1. e4 c6 2. d4 d5 3. Nc3 dxe4 4. Nxe4 Bf5 5. Ng3 Bg6 6. Nh3 Nf6 7. Nf4 Nbd7 8. h4 e5 9. Nxg6 hxg6 10. dxe5 Qa5+ 11. Bd2 Qxe5+ 12. Qe2 Bc5 13. Bc3 Qxe2+ 14. Bxe2 0-0-0 15. Rd1 Rde8 16. Kf1 Kc7 17. Bc4 Re7 18. Re1 Rxe1+ 19. Bxe1 Ne5 20. Bb3 Bd4 21. c3 Bc5 22. f3 b5 23. Bf2 Bxf2 24. Kxf2 a5 25. Bc2 Nd5 26. Ne4 Nc4 27. Ng5 f6 28. Nf7 Rf8 29. b3 Rxf7 30. bxc4 Nxc3 31. cxb5 cxb5 32. Bxg6 Rd7 33. Rc1 b4 34. a3 Rd2+ 35. Kf1 Kd6 36. axb4 axb4 37. Rc2 Rd4 38. h5 Ke5 39. g3 f5 40. Bf7 Kf6 41. Bb3 Kg5 42. Kf2 f4 43. Kg2 Rd1 44. Bf7 Re1 45. Kh3 Re2 46. Rc1 Re7 47. Bc4 Rc7 48. gxf4+ Kxh5 49. Bb3 0-1

[Event "Chennai op 12th"]
[Site "Chennai"]
[Date "2020.01.25"]
[Round "10"]
[White "Fedorov, Alexei"]
[Black "Ameir, Moheb"]
[Result "1-0"]
[WhiteElo "2562"]
[BlackElo "2363"]
[PlyCount "127"]
[EventDate "2020.01.18"]
[EventType "swiss"]
[EventRounds "10"]
[EventCountry "IND"]
[SourceTitle "CBM 194 Extra"]
[Source "ChessBase"]
[SourceDate "2020.03.31"]
[SourceVersion "1"]
[SourceVersionDate "2020.03.31"]
[SourceQuality "1"]

1. e4 e5 2. Nf3 Nc6 3. Bc4 Nf6 4. d3 h6 5. c3 d6 6. a4 g6 7. a5 a6 8. 0-0 Bg7 9. Nbd2 0-0 10. Re1 Kh7 11. Nf1 Nh5 12. h3 Be6 13. Bxe6 fxe6 14. g3 Na7 15. b4 Nb5 16. Bd2 Qf6 17. N1h2 Rf7 18. Qe2 Raf8 19. Rf1 Qd8 20. Kg2 d5 21. Rae1 d4 22. Rc1 dxc3 23. Bxc3 Qd6 24. Qc2 c6 25. Rfd1 Qb8 26. Qb3 Qd6 27. Qc4 Na3 28. Qc5 Qxc5 29. bxc5 Nb5 30. Rd2 g5 31. Bxe5 Rd8 32. Bxg7 Kxg7 33. Ne5 Rff8 34. Nhf3 Nf6 35. Nc4 Ne8 36. h4 g4 37. Nfe5 h5 38. Rf1 Nf6 39. f3 gxf3+ 40. Nxf3 Ng4 41. Nfe5 Rxf1 42. Kxf1 Nxe5 43. Nxe5 Kf6 44. Nf3 e5 45. Rf2 Rd7 46. Kg2 Nc3 47. Ng5+ Kg6 48. Rf5 Rxd3 49. Rxe5 Rd2+ 50. Kf3 Rd3+ 51. Kf2 Rd7 52. Re6+ Kg7 53. Rd6 Re7 54. Kf3 Na4 55. g4 hxg4+ 56. Kxg4 Nxc5 57. h5 Nd7 58. h6+ Kh8 59. Kf4 c5 60. e5 c4 61. e6 Nf6 62. Rd8+ Re8 63. e7 c3 64. Ke3 1-0

[Event "Chennai op 12th"]
[Site "Chennai"]
[Date "2020.01.21"]
[Round "6"]
[White "Bogdanovich, Stanislav"]
[Black "Ameir, Moheb"]
[Result "1-0"]
[WhiteElo "2562"]
[BlackElo "2363"]
[PlyCount "29"]
[EventDate "2020.01.18"]
[EventType "swiss"]
[EventRounds "10"]
[EventCountry "IND"]
[SourceTitle "CBM 194 Extra"]
[Source "ChessBase"]
[SourceDate "2020.03.31"]
[SourceVersion "1"]
[SourceVersionDate "2020.03.31"]
[SourceQuality "1"]

1. d4 d5 2. Nc3 Nf6 3. Bf4 g6 4. e3 Bg7 5. Nb5 Na6 6. Nf3 0-0 7. c4 c6 8. Nc3 Ne4 9. Rc1 Qa5 10. cxd5 cxd5 11. Qb3 Be6 12. Qxb7 Nxc3 13. bxc3 Qa3 14. Kd1 Bc8 15. Qxa8 1-0

[Event "Mumbai Wealth op 5th"]
[Site "Mumbai"]
[Date "2020.01.06"]
[Round "8"]
[White "Ameir, Moheb"]
[Black "Krishna, C Revanth Gopala"]
[Result "0-1"]
[WhiteElo "2342"]
[BlackElo "2459"]
[PlyCount "130"]
[EventDate "2019.12.30"]
[EventType "swiss"]
[EventRounds "9"]
[EventCountry "IND"]
[SourceTitle "CBM 194 Extra"]
[Source "ChessBase"]
[SourceDate "2020.03.31"]
[SourceVersion "1"]
[SourceVersionDate "2020.03.31"]
[SourceQuality "1"]

1. e4 e6 2. d4 d5 3. Nd2 c5 4. exd5 Qxd5 5. Ngf3 cxd4 6. Bc4 Qd7 7. 0-0 Nc6 8. Nb3 Nf6 9. Nbxd4 Nxd4 10. Nxd4 a6 11. Bf4 b5 12. Bb3 Bb7 13. Be5 Bd6 14. Qe2 Bxe5 15. Qxe5 0-0 16. Rad1 Rfd8 17. c3 Qd6 18. Qxd6 Rxd6 19. a4 bxa4 20. Bxa4 Rc8 21. Rfe1 Rb6 22. Re2 g6 23. Rc1 Nd5 24. f3 e5 25. Rxe5 Rxb2 26. Re8+ Rxe8 27. Bxe8 Nf4 28. g3 Ne2+ 29. Nxe2 Rxe2 30. Bd7 Bxf3 31. Bh3 a5 32. Ra1 Rc2 33. Rxa5 Rxc3 34. Kf2 Be4 35. Ra2 Rf3+ 36. Kg1 Bd5 37. Rd2 Be6 38. Bg2 Ra3 39. Kf2 g5 40. Rb2 Kg7 41. Rc2 h5 42. Rb2 Bg4 43. Rd2 Ra5 44. Rb2 Kf6 45. Rd2 Ke5 46. h3 Bf5 47. Re2+ Kd4 48. Bf3 g4 49. hxg4 hxg4 50. Bg2 Bd3 51. Rb2 Kc3 52. Rb8 Ra2+ 53. Kg1 f5 54. Rd8 Ra1+ 55. Kf2 Ra2+ 56. Kg1 Rd2 57. Bb7 Be4 58. Rxd2 Kxd2 59. Ba6 Ke3 60. Bf1 Kf3 61. Kh2 Kf2 62. Bg2 Bf3 63. Bf1 Bb7 64. Bg2 Be4 65. Bf1 f4 0-1

[Event "Mumbai Wealth op 5th"]
[Site "Mumbai"]
[Date "2020.01.05"]
[Round "7"]
[White "Gholami, Aryan"]
[Black "Ameir, Moheb"]
[Result "1/2-1/2"]
[WhiteElo "2541"]
[BlackElo "2342"]
[PlyCount "91"]
[EventDate "2019.12.30"]
[EventType "swiss"]
[EventRounds "9"]
[EventCountry "IND"]
[SourceTitle "CBM 194 Extra"]
[Source "ChessBase"]
[SourceDate "2020.03.31"]
[SourceVersion "1"]
[SourceVersionDate "2020.03.31"]
[SourceQuality "1"]

1. Nf3 c5 2. e4 Nc6 3. Bb5 g6 4. 0-0 Bg7 5. Re1 Nf6 6. Nc3 0-0 7. e5 Ne8 8. Bxc6 dxc6 9. h3 Nc7 10. d3 Ne6 11. Ne4 b6 12. Neg5 h6 13. Nxe6 Bxe6 14. b3 a5 15. a4 Ra7 16. Bb2 Qc8 17. Qe2 Bd5 18. Nd2 Kh7 19. Rad1 Rb7 20. c4 Be6 21. Nf3 Re8 22. d4 cxd4 23. Nxd4 Rd8 24. Nxe6 Rxd1 25. Ng5+ hxg5 26. Rxd1 Qe6 27. Bd4 b5 28. axb5 cxb5 29. cxb5 Qxb3 30. b6 a4 31. Ra1 Rd7 32. Qb2 Qc4 33. Bc3 Rb7 34. g3 e6 35. Bd4 Bf8 36. Rc1 Qd5 37. Rc7 a3 38. Qc3 a2 39. Rxb7 Qxb7 40. Kh2 Qe4 41. Qb2 Ba3 42. Qxa3 Qxd4 43. Qxa2 Qxb6 44. Qe2 Qd4 45. Qf3 Kg8 46. Qf6 1/2-1/2

[Event "Mumbai Wealth op 5th"]
[Site "Mumbai"]
[Date "2020.01.04"]
[Round "6"]
[White "Ameir, Moheb"]
[Black "Rios, Cristhian Camilo"]
[Result "1-0"]
[WhiteElo "2342"]
[BlackElo "2505"]
[PlyCount "81"]
[EventDate "2019.12.30"]
[EventType "swiss"]
[EventRounds "9"]
[EventCountry "IND"]
[SourceTitle "CBM 194 Extra"]
[Source "ChessBase"]
[SourceDate "2020.03.31"]
[SourceVersion "1"]
[SourceVersionDate "2020.03.31"]
[SourceQuality "1"]

1. e4 c5 2. Nf3 Nc6 3. Bb5 g6 4. Bxc6 bxc6 5. 0-0 Bg7 6. Re1 Nh6 7. c3 0-0 8. h3 f5 9. e5 Nf7 10. d4 cxd4 11. cxd4 c5 12. dxc5 Qc7 13. Be3 Bb7 14. Nc3 Qc6 15. Qa4 Qxa4 16. Nxa4 Bxf3 17. gxf3 Nxe5 18. Kg2 f4 19. Bd4 Rf5 20. Bxe5 Rxe5 21. Red1 d6 22. cxd6 exd6 23. Rxd6 Rg5+ 24. Kf1 Rh5 25. Rad1 Rxh3 26. Rd8+ Rxd8 27. Rxd8+ Kf7 28. Rd7+ Kg8 29. Kg2 Rh5 30. Rxa7 Rg5+ 31. Kf1 h5 32. b4 Rd5 33. Nc5 Rd1+ 34. Kg2 Bc3 35. b5 Rb1 36. a4 Bd4 37. Ra8+ Kf7 38. Ne4 Rb4 39. a5 g5 40. Nxg5+ Kg6 41. Ne6 1-0

[Event "Mumbai Wealth op 5th"]
[Site "Mumbai"]
[Date "2020.01.02"]
[Round "4"]
[White "Gupta, Abhijeet"]
[Black "Ameir, Moheb"]
[Result "1-0"]
[WhiteElo "2611"]
[BlackElo "2342"]
[PlyCount "101"]
[EventDate "2019.12.30"]
[EventType "swiss"]
[EventRounds "9"]
[EventCountry "IND"]
[SourceTitle "CBM 194 Extra"]
[Source "ChessBase"]
[SourceDate "2020.03.31"]
[SourceVersion "1"]
[SourceVersionDate "2020.03.31"]
[SourceQuality "1"]

1. d4 d5 2. c4 c6 3. Nf3 Nf6 4. Nc3 dxc4 5. a4 Bf5 6. Ne5 Nbd7 7. Nxc4 Qc7 8. g3 e5 9. dxe5 Nxe5 10. Bf4 Nfd7 11. Bg2 g5 12. Ne3 gxf4 13. Nxf5 0-0-0 14. Qc2 Kb8 15. 0-0-0 Ng4 16. Ne4 Qe5 17. h3 Nh6 18. Nxh6 Bxh6 19. gxf4 Qg7 20. Bf3 Bxf4+ 21. Kb1 f5 22. Rhg1 Qe7 23. Nc3 Qf6 24. e3 Bh2 25. Rh1 Bc7 26. Ne2 Ne5 27. Bg2 Rhg8 28. Rxd8+ Rxd8 29. Rd1 Ng6 30. Rxd8+ Bxd8 31. Nd4 f4 32. Qe4 fxe3 33. fxe3 a6 34. Qe8 Qd6 35. Be4 c5 36. Ne6 Qd1+ 37. Ka2 Ka7 38. Nxd8 c4 39. Nc6+ bxc6 40. Qf7+ Kb6 41. Qxc4 Qd6 42. Bd3 Ne5 43. Qxa6+ Kc7 44. Qa7+ Kd8 45. Qb6+ Ke7 46. Bxh7 Nc4 47. Qd4 Qb4 48. Bc2 c5 49. Qh4+ Kd7 50. Qg4+ Kc6 51. Bb3 1-0

[Event "TUN-chT"]
[Site "Hammamet"]
[Date "2019.03.16"]
[Round "9.4"]
[White "Ben Khedija, Kais"]
[Black "Ameir, Moheb"]
[Result "0-1"]
[WhiteElo "1953"]
[BlackElo "2297"]
[PlyCount "54"]
[EventDate "2019.02.09"]
[EventType "team-tourn"]
[EventRounds "11"]
[EventCountry "TUN"]
[SourceTitle "CBM 190 Extra"]
[Source "ChessBase"]
[SourceDate "2019.07.15"]
[SourceVersion "1"]
[SourceVersionDate "2019.07.15"]
[SourceQuality "1"]
[WhiteTeam "Megrine Maison"]
[BlackTeam "Omran"]
[WhiteTeamCountry "TUN"]
[BlackTeamCountry "TUN"]

1. e4 c5 2. Nf3 e6 3. d4 cxd4 4. Nxd4 Nc6 5. Nb5 d6 6. Bf4 e5 7. Be3 Be7 8. N1c3 a6 9. Na3 Nf6 10. Nc4 Be6 11. Bg5 Nd4 12. Be2 0-0 13. 0-0 Nxe4 14. Nxe4 Bxg5 15. Nxg5 Qxg5 16. f4 Qg6 17. c3 Bd5 18. Rf2 Nxe2+ 19. Qxe2 exf4 20. Rxf4 Rae8 21. Qf2 Re6 22. Rd4 Bc6 23. Rad1 Rfe8 24. R4d2 Rf6 25. Qa7 Qg4 26. Ne3 Qg5 27. Nf1 Bf3 0-1

[Event "Chennai op 11th"]
[Site "Chennai"]
[Date "2019.01.23"]
[Round "8"]
[White "Ameir, Moheb"]
[Black "Deepan Chakkravarthy, J."]
[Result "1-0"]
[WhiteElo "2309"]
[BlackElo "2543"]
[PlyCount "83"]
[EventDate "2019.01.18"]
[EventType "swiss"]
[EventRounds "10"]
[EventCountry "IND"]
[SourceTitle "CBM 188 Extra"]
[Source "ChessBase"]
[SourceDate "2019.02.26"]
[SourceVersion "1"]
[SourceVersionDate "2019.02.26"]
[SourceQuality "1"]

1. e4 c5 2. Nf3 d6 3. Bb5+ Nd7 4. 0-0 a6 5. Bd3 Ngf6 6. Re1 g6 7. c3 Bg7 8. Bc2 0-0 9. d4 e5 10. a4 Re8 11. d5 b6 12. h3 Rb8 13. Na3 b5 14. axb5 axb5 15. b3 Nh5 16. c4 bxc4 17. bxc4 Nb6 18. Bd3 Ra8 19. Bg5 f6 20. Be3 Nf4 21. Bf1 f5 22. Nb5 Rxa1 23. Qxa1 fxe4 24. Nd2 Bf5 25. Qa5 Bh6 26. Nc3 Nd3 27. Bxh6 Nxe1 28. Ndxe4 Kh8 29. Ng5 Qb8 30. Nb5 Nc2 31. Nxd6 Re7 32. Qxc5 Qc7 33. Ngf7+ Kg8 34. Qxc7 Rxc7 35. Nxe5 Nd7 36. Ne8 Ra7 37. Nc6 Ra1 38. Nd6 Re1 39. Kh2 Ne5 40. Nxe5 Rxe5 41. c5 Nb4 42. Bc4 1-0

[Event "Mumbai Wealth op 4th"]
[Site "Mumbai"]
[Date "2019.01.07"]
[Round "9"]
[White "Ameir, Moheb"]
[Black "Thrish, Karthik"]
[Result "0-1"]
[WhiteElo "2327"]
[BlackElo "2168"]
[PlyCount "62"]
[EventDate "2018.12.30"]
[EventType "swiss"]
[EventRounds "9"]
[EventCountry "IND"]
[SourceTitle "CBM 188 Extra"]
[Source "ChessBase"]
[SourceDate "2019.02.26"]
[SourceVersion "1"]
[SourceVersionDate "2019.02.26"]
[SourceQuality "1"]

1. e4 e5 2. Nf3 d6 3. d4 exd4 4. Nxd4 Nf6 5. Nc3 Be7 6. Be2 0-0 7. 0-0 Re8 8. f4 Bf8 9. Bf3 c6 10. Re1 Na6 11. Be3 Nc7 12. a4 d5 13. e5 Nd7 14. Bf2 g6 15. Qd2 Bh6 16. Be3 c5 17. Nxd5 cxd4 18. Qxd4 Nxd5 19. Qxd5 Nb6 20. Qxd8 Rxd8 21. g3 Nc4 22. Bc1 Bf8 23. b3 Nd2 24. Bxd2 Rxd2 25. Rad1 Bc5+ 26. Kh1 Rf2 27. Bg2 Bg4 28. Rd3 Rxc2 29. Bxb7 Rb8 30. Bd5 Rd8 31. e6 Rxd5 0-1

[Event "Mumbai Wealth op 4th"]
[Site "Mumbai"]
[Date "2019.01.06"]
[Round "8"]
[White "Deshpande, Aniruddha"]
[Black "Ameir, Moheb"]
[Result "1-0"]
[WhiteElo "2167"]
[BlackElo "2327"]
[PlyCount "52"]
[EventDate "2018.12.30"]
[EventType "swiss"]
[EventRounds "9"]
[EventCountry "IND"]
[SourceTitle "CBM 188 Extra"]
[Source "ChessBase"]
[SourceDate "2019.02.26"]
[SourceVersion "1"]
[SourceVersionDate "2019.02.26"]
[SourceQuality "1"]

1. d4 Nf6 2. c4 g6 3. g3 Bg7 4. Bg2 0-0 5. Nc3 d6 6. Nf3 Nc6 7. 0-0 Bf5 8. Bg5 Ne4 9. Nxe4 Bxe4 10. d5 Bxf3 11. exf3 Nd4 12. Re1 Re8 13. Re4 c5 14. dxc6 Nxc6 15. Qd2 Qc7 16. Rd1 a6 17. Bh6 Bh8 18. h4 Ne5 19. b3 b5 20. Qe2 Rab8 21. f4 Nc6 22. f5 Be5 23. cxb5 Rxb5 24. Rc4 Rc5 25. Rxc5 dxc5 26. Bxc6 Qd8 1-0

[Event "Mumbai Wealth op 4th"]
[Site "Mumbai"]
[Date "2019.01.02"]
[Round "4"]
[White "Pranesh, M."]
[Black "Ameir, Moheb"]
[Result "1-0"]
[WhiteElo "2125"]
[BlackElo "2327"]
[PlyCount "53"]
[EventDate "2018.12.30"]
[EventType "swiss"]
[EventRounds "9"]
[EventCountry "IND"]
[SourceTitle "CBM 188 Extra"]
[Source "ChessBase"]
[SourceDate "2019.02.26"]
[SourceVersion "1"]
[SourceVersionDate "2019.02.26"]
[SourceQuality "1"]

1. e4 c5 2. Nf3 e6 3. Nc3 a6 4. g3 b5 5. Bg2 Bb7 6. d4 cxd4 7. Nxd4 Nf6 8. a3 b4 9. axb4 Bxb4 10. 0-0 d6 11. Bg5 Qc7 12. Bxf6 gxf6 13. Na4 Nd7 14. Qg4 h5 15. Qe2 h4 16. c3 Bc5 17. Nxc5 dxc5 18. Nb3 hxg3 19. fxg3 Ke7 20. Na5 Ne5 21. Qf2 Ng4 22. Qf4 Qxf4 23. Rxf4 Ne5 24. Nxb7 c4 25. Rf2 Rhb8 26. Na5 Nd3 27. Nc6+ 1-0

[Event "Monastir op"]
[Site "Monastir"]
[Date "2018.09.03"]
[Round "2"]
[White "Ben Houichi, Lotfi"]
[Black "Ameir, Moheb"]
[Result "0-1"]
[WhiteElo "1876"]
[BlackElo "2338"]
[PlyCount "44"]
[EventDate "2018.09.02"]
[EventType "swiss"]
[EventRounds "9"]
[EventCountry "TUN"]
[SourceTitle "EXT 2019"]
[Source "ChessBase"]
[SourceDate "2018.10.10"]
[SourceVersion "1"]
[SourceVersionDate "2018.10.10"]
[SourceQuality "1"]

1. c4 e5 2. Nc3 Bb4 3. Nd5 Be7 4. d3 c6 5. Nxe7 Qxe7 6. Qc2 Nf6 7. e4 0-0 8. Ne2 d5 9. a3 a5 10. Bg5 dxe4 11. dxe4 Nbd7 12. Nc3 h6 13. Bd2 Nc5 14. Be2 Ne6 15. Rd1 Nd4 16. Qb1 Be6 17. Bd3 Nd7 18. b4 axb4 19. axb4 Ra3 20. 0-0 Rb3 21. Qa1 Qxb4 22. Nb5 Qc5 0-1

[Event "Ordu op 4th"]
[Site "Ordu"]
[Date "2018.04.14"]
[Round "8"]
[White "Dvirnyy, Danyyil"]
[Black "Ameir, Moheb"]
[Result "1-0"]
[WhiteElo "2512"]
[BlackElo "2323"]
[PlyCount "73"]
[EventDate "2018.04.10"]
[EventType "swiss"]
[EventRounds "9"]
[EventCountry "TUR"]
[SourceTitle "CBM 183 Extra"]
[Source "ChessBase"]
[SourceDate "2018.04.19"]
[SourceVersion "1"]
[SourceVersionDate "2018.04.19"]
[SourceQuality "1"]

1. d4 d5 2. c4 c6 3. Nf3 Nf6 4. Nc3 dxc4 5. a4 Bf5 6. Nh4 Bg4 7. h3 Bh5 8. g4 Bg6 9. Nxg6 hxg6 10. e3 e6 11. Bxc4 Bb4 12. Qf3 Qa5 13. Bd2 Nbd7 14. h4 0-0-0 15. Bb3 Rhf8 16. 0-0-0 Nb6 17. h5 Nfd5 18. e4 Nxc3 19. bxc3 Ba3+ 20. Kc2 e5 21. dxe5 Qxe5 22. Bf4 Qe7 23. h6 gxh6 24. Bxh6 Rh8 25. Bg7 Rxh1 26. Rxd8+ Qxd8 27. Qxh1 Bf8 28. Qh8 Bxg7 29. Qxg7 Qe7 30. e5 Nd5 31. Bxd5 cxd5 32. f4 Qe8 33. Kd2 Qe7 34. f5 gxf5 35. gxf5 Kd7 36. e6+ Ke8 37. Qg8+ 1-0